<?xml version="1.0" encoding="UTF-8"?><?xml-stylesheet type="text/xsl" href="static/style.xsl"?><OAI-PMH xmlns="http://www.openarchives.org/OAI/2.0/" xmlns:xsi="http://www.w3.org/2001/XMLSchema-instance" xsi:schemaLocation="http://www.openarchives.org/OAI/2.0/ http://www.openarchives.org/OAI/2.0/OAI-PMH.xsd"><responseDate>2026-06-29T22:15:32Z</responseDate><request verb="GetRecord" identifier="oai:riubu.ubu.es:10259/7360" metadataPrefix="marc">https://riubu.ubu.es/oai/request</request><GetRecord><record><header><identifier>oai:riubu.ubu.es:10259/7360</identifier><datestamp>2023-03-22T11:24:56Z</datestamp><setSpec>com_10259_7355</setSpec><setSpec>com_10259_7353</setSpec><setSpec>com_10259_2604</setSpec><setSpec>col_10259_7356</setSpec></header><metadata><record xmlns="http://www.loc.gov/MARC21/slim" xmlns:doc="http://www.lyncode.com/xoai" xmlns:xsi="http://www.w3.org/2001/XMLSchema-instance" xmlns:dcterms="http://purl.org/dc/terms/" xsi:schemaLocation="http://www.loc.gov/MARC21/slim http://www.loc.gov/standards/marcxml/schema/MARC21slim.xsd">
<leader>00925njm 22002777a 4500</leader>
<datafield tag="042" ind1=" " ind2=" ">
<subfield code="a">dc</subfield>
</datafield>
<datafield tag="720" ind1=" " ind2=" ">
<subfield code="a">Ágreda Pino, Ana</subfield>
<subfield code="e">author</subfield>
</datafield>
<datafield tag="720" ind1=" " ind2=" ">
<subfield code="a">Naya Franco, Carolina</subfield>
<subfield code="e">author</subfield>
</datafield>
<datafield tag="260" ind1=" " ind2=" ">
<subfield code="c">2022-07</subfield>
</datafield>
<datafield tag="520" ind1=" " ind2=" ">
<subfield code="a">La localización del testamento de Beatriz Ximénez Cerdán nos ha permitido identificar a la noble&#xd;
dama aragonesa que entregó, en 1695, un pinjante relicario en forma de Espíritu Santo al Tesoro&#xd;
de la Virgen del Pilar. La documentación pilarista solo nombraba la entrega de la joya por los&#xd;
ejecutores testamentarios de la marquesa de Bárboles. La pieza fue confundida con un águila y&#xd;
se ha considerado tradicionalmente como donación del rey Amadeo de Saboya. En el transcurso&#xd;
de los siglos se perdió la ventana del viril donde había unas pinturas de devoción, que habrían&#xd;
permitido redundar en su profundo significado simbólico. A día de hoy, todavía se conserva en&#xd;
el Museo Pilarista.</subfield>
</datafield>
<datafield tag="520" ind1=" " ind2=" ">
<subfield code="a">The location of the testament of Beatriz Ximénez Cerdán has allowed us to identify the noble&#xd;
aragonese lady who donated, in 1695, a reliquary pendant in the shape of The Holy Spirit to the&#xd;
treasury of the Virgen of The Pillar. The Pillarist documents just only mentioned the donation of&#xd;
the jewel by the testamentary executors of the marquise of Bárboles. This jewel was mistaken for&#xd;
an eagle and it has been considered a donation of the King Amadeo of Savoy. Over the centuries,&#xd;
the window of the virile was lost, where there were some devotional paintings, which would&#xd;
have allowed us to make to most of in its deep symbolic meaning. At the present time, it is still&#xd;
preserved in the Museo of The Pillar.</subfield>
</datafield>
<datafield tag="024" ind2=" " ind1="8">
<subfield code="a">2952-1084</subfield>
</datafield>
<datafield tag="024" ind2=" " ind1="8">
<subfield code="a">http://hdl.handle.net/10259/7360</subfield>
</datafield>
<datafield tag="024" ind2=" " ind1="8">
<subfield code="a">10.36443/sarmental.41</subfield>
</datafield>
<datafield tag="024" ind2=" " ind1="8">
<subfield code="a">2952-1084</subfield>
</datafield>
<datafield ind1=" " ind2=" " tag="653">
<subfield code="a">Joyas</subfield>
</datafield>
<datafield ind1=" " ind2=" " tag="653">
<subfield code="a">Devoción</subfield>
</datafield>
<datafield ind1=" " ind2=" " tag="653">
<subfield code="a">Reliquias</subfield>
</datafield>
<datafield ind1=" " ind2=" " tag="653">
<subfield code="a">V&amp;A Museum</subfield>
</datafield>
<datafield ind1=" " ind2=" " tag="653">
<subfield code="a">Oro</subfield>
</datafield>
<datafield ind1=" " ind2=" " tag="653">
<subfield code="a">Esmaltes</subfield>
</datafield>
<datafield ind1=" " ind2=" " tag="653">
<subfield code="a">Diamantes</subfield>
</datafield>
<datafield ind1=" " ind2=" " tag="653">
<subfield code="a">Jewels</subfield>
</datafield>
<datafield ind1=" " ind2=" " tag="653">
<subfield code="a">Devotion</subfield>
</datafield>
<datafield ind1=" " ind2=" " tag="653">
<subfield code="a">Relics</subfield>
</datafield>
<datafield ind1=" " ind2=" " tag="653">
<subfield code="a">Gold</subfield>
</datafield>
<datafield ind1=" " ind2=" " tag="653">
<subfield code="a">Enamel</subfield>
</datafield>
<datafield ind1=" " ind2=" " tag="653">
<subfield code="a">Diamonds</subfield>
</datafield>
<datafield tag="245" ind1="0" ind2="0">
<subfield code="a">De Amadeo de Saboya a Beatriz Ximénez Cerdán: el pinjante relicario del Espíritu Santo al Tesoro de la Virgen del Pilar por la condesa de Contamina y marquesa de Bárboles (1695)</subfield>
</datafield>
</record></metadata></record></GetRecord></OAI-PMH>